[Event "Espalion op 3rd"]
[Site "Espalion"]
[Date "2018.07.19"]
[Round "7"]
[White "Lagunes, Robin"]
[Black "Lagunes, Jean Renaud"]
[Result "1/2-1/2"]
[WhiteElo "1857"]
[BlackElo "1943"]
[PlyCount "29"]
[EventDate "2018.07.14"]
[EventType "swiss"]
[EventRounds "9"]
[EventCountry "FRA"]
[SourceTitle "CBM 185 Extra"]
[Source "ChessBase"]
[SourceDate "2018.07.29"]
[SourceVersion "1"]
[SourceVersionDate "2018.07.29"]
[SourceQuality "1"]

1. e4 d6 2. d4 Nf6 3. Nc3 g6 4. Be3 c6 5. Be2 b5 6. h3 b4 7. e5 bxc3 8. exf6 cxb2 9. Rb1 Qa5+ 10. Bd2 Qxa2 11. fxe7 Bxe7 12. Bc3 0-0 13. Nf3 Qd5 14. Bxb2 Ba6 15. 0-0 1/2-1/2

[Event "Espalion op 3rd"]
[Site "Espalion"]
[Date "2018.07.16"]
[Round "3"]
[White "Lagunes, Robin"]
[Black "Carton, Patrick"]
[Result "1/2-1/2"]
[WhiteElo "1857"]
[BlackElo "2189"]
[PlyCount "43"]
[EventDate "2018.07.14"]
[EventType "swiss"]
[EventRounds "9"]
[EventCountry "FRA"]
[SourceTitle "CBM 185 Extra"]
[Source "ChessBase"]
[SourceDate "2018.07.29"]
[SourceVersion "1"]
[SourceVersionDate "2018.07.29"]
[SourceQuality "1"]

1. c4 Nf6 2. Nc3 c5 3. g3 g6 4. Bg2 Bg7 5. Nf3 0-0 6. e4 Nc6 7. 0-0 d6 8. h3 Rb8 9. d3 a6 10. Be3 Ne8 11. Qd2 Nc7 12. Bh6 Ne6 13. Bxg7 Kxg7 14. Rfe1 Ned4 15. Nxd4 Nxd4 16. Ne2 Nxe2+ 17. Rxe2 e5 18. Rf1 Bd7 19. f4 Qe7 20. f5 f6 21. g4 g5 22. Bf3 1/2-1/2

[Event "Espalion op 3rd"]
[Site "Espalion"]
[Date "2018.07.14"]
[Round "1"]
[White "Lagunes, Robin"]
[Black "Martin, Gerard"]
[Result "1/2-1/2"]
[WhiteElo "1857"]
[BlackElo "1381"]
[PlyCount "42"]
[EventDate "2018.07.14"]
[EventType "swiss"]
[EventRounds "9"]
[EventCountry "FRA"]
[SourceTitle "CBM 185 Extra"]
[Source "ChessBase"]
[SourceDate "2018.07.29"]
[SourceVersion "1"]
[SourceVersionDate "2018.07.29"]
[SourceQuality "1"]

1. e4 e6 2. Nf3 d6 3. d4 a6 4. Nc3 h6 5. Bd3 Ne7 6. 0-0 Nd7 7. Qe2 g6 8. e5 d5 9. Bd2 Bg7 10. Nd1 b6 11. Ne3 c5 12. c3 Nf5 13. g4 Ne7 14. Kh1 Nf8 15. Ng2 Bd7 16. Bxa6 c4 17. Bxc4 dxc4 18. Qxc4 Bc6 19. Nfe1 Bxe5 20. Nd3 Bd5 21. Qb5+ Bc6 1/2-1/2

[Event "Espalion op 2nd"]
[Site "Espalion"]
[Date "2017.07.20"]
[Round "7"]
[White "Lagunes, Robin"]
[Black "Della Ragione, Enzo"]
[Result "1-0"]
[WhiteElo "1893"]
[BlackElo "1705"]
[PlyCount "67"]
[EventDate "2017.07.15"]
[EventType "swiss"]
[EventRounds "9"]
[EventCountry "FRA"]
[SourceTitle "CBM 179 Extra"]
[Source "ChessBase"]
[SourceDate "2017.08.23"]
[SourceVersion "1"]
[SourceVersionDate "2017.08.23"]
[SourceQuality "1"]

1. e4 d6 2. d4 Nf6 3. Nc3 g6 4. f3 Bg7 5. Be3 0-0 6. Qd2 e5 7. 0-0-0 exd4 8. Bxd4 Nc6 9. Be3 Re8 10. g4 Ne5 11. Be2 Bxg4 12. fxg4 Nexg4 13. Bxg4 Nxg4 14. Bf4 Bxc3 15. bxc3 Rxe4 16. h3 Ne5 17. Bxe5 Rxe5 18. c4 Qe7 19. Nf3 Re2 20. Qd4 Qe3+ 21. Qxe3 Rxe3 22. Rhf1 Rae8 23. Rde1 f5 24. Kd2 Rxe1 25. Rxe1 Rxe1 26. Kxe1 h6 27. Nd4 c6 28. Ne6 Kf7 29. Nd8+ Kf6 30. Nxb7 Ke5 31. Nd8 Kd4 32. Nxc6+ Kxc4 33. Nxa7 Kb4 34. Nc8 1-0

[Event "Espalion op 2nd"]
[Site "Espalion"]
[Date "2017.07.17"]
[Round "4"]
[White "Israel, Gregory"]
[Black "Lagunes, Robin"]
[Result "1-0"]
[WhiteElo "2043"]
[BlackElo "1893"]
[PlyCount "75"]
[EventDate "2017.07.15"]
[EventType "swiss"]
[EventRounds "9"]
[EventCountry "FRA"]
[SourceTitle "CBM 179 Extra"]
[Source "ChessBase"]
[SourceDate "2017.08.23"]
[SourceVersion "1"]
[SourceVersionDate "2017.08.23"]
[SourceQuality "1"]

1. d4 d5 2. Nf3 Nf6 3. e3 c6 4. Bd3 g6 5. Nbd2 Bg7 6. 0-0 0-0 7. c3 Nbd7 8. b3 Qc7 9. Bb2 e5 10. dxe5 Nxe5 11. Nxe5 Qxe5 12. Nf3 Qc7 13. h3 Ne4 14. Qc2 Nc5 15. Ba3 Qb6 16. c4 Rd8 17. cxd5 Nxd3 18. Qxd3 Rxd5 19. Qc2 Bxa1 20. Rxa1 Qa5 21. Bb2 Qc5 22. Qe4 Bf5 23. Qh4 Qd6 24. e4 Rd1+ 25. Rxd1 Qxd1+ 26. Kh2 Qd6+ 27. Be5 Qd8 28. Ng5 h5 29. exf5 Qd5 30. Nf3 Qd8 31. Qf4 g5 32. Nxg5 f6 33. Ne6 Qe7 34. Qg3+ Kh8 35. Bc3 Rg8 36. Qh4 Qd6+ 37. g3 Qd1 38. Qxf6+ 1-0

[Event "Hourtin Vins du Medoc op 2nd"]
[Site "Hourtin"]
[Date "2016.07.05"]
[Round "5"]
[White "Lagunes, Robin"]
[Black "Pflaum, Stefan"]
[Result "0-1"]
[WhiteElo "1814"]
[BlackElo "2077"]
[PlyCount "60"]
[EventDate "2016.07.02"]
[EventType "swiss"]
[EventRounds "9"]
[EventCountry "FRA"]
[SourceTitle "EXT 2019"]
[Source "ChessBase"]
[SourceDate "2018.10.10"]
[SourceVersion "1"]
[SourceVersionDate "2018.10.10"]
[SourceQuality "1"]

1. c4 b6 2. Nc3 Bb7 3. d4 e6 4. Bf4 Bb4 5. e3 Nf6 6. a3 Bxc3+ 7. bxc3 0-0 8. Nf3 d6 9. Bd3 Nbd7 10. Qc2 Qe7 11. Bg5 h6 12. Bh4 Rfe8 13. 0-0-0 e5 14. Bf5 Qf8 15. d5 g6 16. Bh3 Qg7 17. g4 Nc5 18. g5 Nh7 19. gxh6 Qxh6 20. Rhg1 e4 21. Bf5 Bc8 22. Bxg6 fxg6 23. Rxg6+ Qxg6 24. Rg1 Qxg1+ 25. Nxg1 Bf5 26. Qe2 Kf7 27. Qh5+ Bg6 28. Qh6 Re5 29. Nh3 Nd3+ 30. Kd2 Rh5 0-1

[Event "St Chely d'Aubrac op 11th"]
[Site "St Chely d'Aubrac"]
[Date "2011.07.13"]
[Round "6"]
[White "Galloux, Maxime"]
[Black "Lagunes, Robin"]
[Result "1-0"]
[WhiteElo "2075"]
[BlackElo "1835"]
[PlyCount "89"]
[EventDate "2011.07.09"]
[EventType "swiss"]
[EventRounds "7"]
[EventCountry "FRA"]
[SourceTitle "CBM 143 Extra"]
[Source "ChessBase"]
[SourceDate "2011.08.29"]
[SourceVersion "1"]
[SourceVersionDate "2011.08.29"]
[SourceQuality "1"]

1. c4 e5 2. g3 g6 3. Nc3 Bg7 4. Bg2 d6 5. Nf3 Nc6 6. 0-0 Nge7 7. Rb1 0-0 8. d3 f5 9. Qc2 h6 10. b4 Qe8 11. Nd5 Qd8 12. b5 Nb8 13. a4 Nxd5 14. cxd5 Nd7 15. Ba3 Nf6 16. Nd2 f4 17. Rfc1 Rf7 18. Rb4 Bf5 19. Rc4 Rc8 20. a5 b6 21. Rc6 Bf8 22. axb6 axb6 23. Nc4 Rb8 24. Nd2 Rb7 25. Bb2 fxg3 26. hxg3 h5 27. e4 Bg4 28. d4 h4 29. dxe5 Nh5 30. e6 Rh7 31. Nf1 hxg3 32. fxg3 Bh6 33. Re1 Nxg3 34. Nxg3 Bf4 35. Qf2 Qg5 36. Bc1 Bxc1 37. Rcxc1 Rb8 38. Rf1 Qh4 39. Bh1 Bh3 40. Qf4 Bg4 41. Rf2 Ra8 42. Bf3 Ra3 43. Qxg4 Qh6 44. Rcf1 Rb3 45. Nf5 1-0

[Event "St Chely d'Aubrac op 11th"]
[Site "St Chely d'Aubrac"]
[Date "2011.07.11"]
[Round "3"]
[White "Lagunes, Robin"]
[Black "Goulesque, Camille"]
[Result "1/2-1/2"]
[WhiteElo "1835"]
[BlackElo "1660"]
[PlyCount "42"]
[EventDate "2011.07.09"]
[EventType "swiss"]
[EventRounds "7"]
[EventCountry "FRA"]
[SourceTitle "CBM 143 Extra"]
[Source "ChessBase"]
[SourceDate "2011.08.29"]
[SourceVersion "1"]
[SourceVersionDate "2011.08.29"]
[SourceQuality "1"]

1. d4 d5 2. Nc3 Nf6 3. e3 Bf5 4. Bd3 Bxd3 5. Qxd3 e6 6. h3 Bd6 7. Nge2 c6 8. 0-0 Nbd7 9. b3 Qc7 10. Bb2 0-0 11. Qd2 Ne4 12. Nxe4 dxe4 13. Nc3 f5 14. Qd1 a6 15. g3 Bxg3 16. fxg3 Qxg3+ 17. Kh1 Qxh3+ 18. Kg1 Qg3+ 19. Kh1 Qh3+ 20. Kg1 Qg3+ 21. Kh1 Qh3+ 1/2-1/2

[Event "St Chely d'Aubrac op 8th"]
[Site "St Chely d'Aubrac"]
[Date "2008.07.14"]
[Round "2"]
[White "Duffau, Pascal"]
[Black "Lagunes, Robin"]
[Result "0-1"]
[WhiteElo "2019"]
[BlackElo "1825"]
[PlyCount "64"]
[EventDate "2008.07.13"]
[EventType "swiss"]
[EventRounds "9"]
[EventCountry "FRA"]
[SourceTitle "CBM 125 Extra"]
[Source "ChessBase"]
[SourceDate "2008.09.01"]
[SourceVersion "1"]
[SourceVersionDate "2008.09.01"]
[SourceQuality "1"]

1. Nf3 d6 2. d4 Nf6 3. c4 g6 4. Nc3 Bg7 5. e4 0-0 6. Be2 Nbd7 7. 0-0 c5 8. d5 a6 9. a4 Qc7 10. Bf4 Nh5 11. Bg5 Re8 12. Qd2 Nb6 13. Ne1 Nf6 14. Rd1 Bd7 15. b3 Rad8 16. Qf4 Bg4 17. Bxg4 Nxg4 18. Qxg4 Bxc3 19. Rd3 Bg7 20. Qh4 Rd7 21. Rh3 h5 22. g4 f6 23. Bd2 e6 24. gxh5 gxh5 25. Qxh5 Rde7 26. Kh1 exd5 27. exd5 Re2 28. Nf3 Qf7 29. Qh7+ Kf8 30. Rg1 Rxf2 31. Rxg7 Qxg7 32. Bh6 Rf1+ 0-1

[Event "St Chely d'Aubrac op 6th"]
[Site "St Chely d'Aubrac"]
[Date "2006.07.20"]
[Round "7"]
[White "Lengert, Martin"]
[Black "Lagunes, Robin"]
[Result "1/2-1/2"]
[WhiteElo "1871"]
[BlackElo "1803"]
[PlyCount "27"]
[EventDate "2006.07.15"]
[EventType "swiss"]
[EventRounds "9"]
[EventCountry "FRA"]
[SourceTitle "CBM 113 Extra"]
[Source "ChessBase"]
[SourceDate "2006.09.14"]
[SourceVersion "1"]
[SourceVersionDate "2006.09.14"]
[SourceQuality "1"]

1. d4 d6 2. c4 Nf6 3. Nc3 g6 4. Nf3 Bg7 5. Bg5 Nbd7 6. e3 c5 7. Be2 h6 8. Bxf6 Bxf6 9. Qc2 b6 10. Rd1 Bb7 11. 0-0 0-0 12. Rfe1 Bg7 13. d5 Ne5 14. a3 1/2-1/2

[Event "St Chely d'Aubrac op 5th"]
[Site "St Chely d'Aubrac"]
[Date "2005.07.11"]
[Round "3"]
[White "Lagunes, Robin"]
[Black "Corbet, Philippe"]
[Result "1-0"]
[WhiteElo "1560"]
[BlackElo "1350"]
[PlyCount "35"]
[EventDate "2005.07.09"]
[EventType "swiss"]
[EventRounds "9"]
[EventCountry "FRA"]
[SourceTitle "CBM 107 Extra"]
[Source "ChessBase"]
[SourceDate "2005.09.01"]
[SourceVersion "1"]
[SourceVersionDate "2005.09.01"]
[SourceQuality "1"]

1. d4 d5 2. c4 c6 3. Nc3 Nf6 4. Bg5 Nbd7 5. e3 e6 6. Nf3 Qa5 7. Qb3 Ne4 8. Bf4 Bb4 9. Rc1 Ndf6 10. a3 Bxc3+ 11. bxc3 0-0 12. Be2 Rd8 13. 0-0 g5 14. Be5 g4 15. Ng5 Nd2 16. Qc2 Nxf1 17. Bxf6 Kf8 18. Qxh7 1-0

[Event "St Chely d'Aubrac op 5th"]
[Site "St Chely d'Aubrac"]
[Date "2005.07.09"]
[Round "1"]
[White "Lagunes, Robin"]
[Black "Ritzenthaler, Stephane"]
[Result "0-1"]
[WhiteElo "1560"]
[BlackElo "2037"]
[PlyCount "84"]
[EventDate "2005.07.09"]
[EventType "swiss"]
[EventRounds "9"]
[EventCountry "FRA"]
[SourceTitle "CBM 107 Extra"]
[Source "ChessBase"]
[SourceDate "2005.09.01"]
[SourceVersion "1"]
[SourceVersionDate "2005.09.01"]
[SourceQuality "1"]

1. d4 Nf6 2. Bg5 d5 3. Bxf6 exf6 4. c4 c6 5. e3 Bd6 6. Nc3 Qa5 7. Qa4 Qxa4 8. Nxa4 Bf5 9. cxd5 cxd5 10. Bb5+ Nd7 11. Nf3 Rc8 12. Nc3 Be6 13. Ke2 a6 14. Ba4 b5 15. Bb3 Nb6 16. Nd2 f5 17. f3 b4 18. Na4 Nc4 19. Rac1 0-0 20. Nxc4 dxc4 21. Bd1 Rc6 22. Kf2 Bd5 23. Re1 Re8 24. Bc2 Bc7 25. e4 fxe4 26. fxe4 Rf6+ 27. Kg1 Bc6 28. Nc5 Bb6 29. Bb1 c3 30. bxc3 bxc3 31. Re3 Rd6 32. Rexc3 Rxd4 33. Kf1 Bb5+ 34. Bd3 Bxd3+ 35. Nxd3 Rdxe4 36. Rc6 Be3 37. Re1 a5 38. Ra6 f6 39. Rxa5 Rd4 40. Ra3 Rd5 41. g4 Kf7 42. Ra7+ Bxa7 0-1